000 00643nam a2200193 a 4500
001 524
005 20221127085948.0
008 050920s lxxua | 00100|eng d
020 _a157851827X(hpb) :
_cSR108.00
035 _a537
082 0 4 _a658.406
_bAb82 2004
100 1 _aAbrahamson, Eric.
245 1 0 _aChange without pain :
_bhow manager can overcome initiative overload initiative ... /
_cEric Abrahamson.
260 _aBoston, Mass. :
_bHarvard Business School P.,
_c2004.
300 _axvi, 218 p. :
_bill. ;
_c24 cm.
504 _aIncludes bibl. references and index.
650 4 _aOrganizational change.
650 4 _aStrategic planning.
999 _c524
_d524